| 000 | 00339nam a22001217a 4500 | ||
|---|---|---|---|
| 008 | 181129b xxu||||| |||| 00| 0 eng d | ||
| 041 | _aeng | ||
| 080 | _a043.3 | ||
| 100 | _a0 | ||
| 101 | _aMTH-SHKI | ||
| 245 |
_aZhvillimi i aplikacioneve të sigurta dhe analiza e veglave për siguri në platformë Android _cSadriu,K |
||
| 942 |
_2udc _cBK |
||
| 999 |
_c52631 _d52631 |
||